| 000 | 01016nam a2200301 i 4500 | ||
|---|---|---|---|
| 001 | 000044205 | ||
| 003 | DO-SdBNP | ||
| 005 | 20260427102637.0 | ||
| 007 | ta | ||
| 008 | 140609s 2007 dr a 000 0 spa d | ||
| 020 | _z097003220X | ||
| 040 |
_aDO-SdBNP _bspa _cBNPHU _erda |
||
| 041 | _aspa | ||
| 082 | 4 |
_aRD863.44 _bU75c _222 |
|
| 100 | 1 |
_aUreña Rib, Fernando, _d1951- _930237 _4aut. _eautor |
|
| 245 | 1 | 4 |
_aLas cuatro patas del diablo / _cFernando Ureña Rib. |
| 264 | 4 |
_aSanto Domingo, República Dominicana : _bLatin Art Museum, _bFundación Ureña Rib, _c©2007. |
|
| 300 |
_a279 páginas : _bilustraciones ; _c22 cm. |
||
| 336 |
_atexto _btxt _2rdacontent |
||
| 337 |
_asin mediación _bn _2rdamedia |
||
| 338 |
_avolumen _bnc _2rdacarrier |
||
| 500 | _aIncluye datos biográficos del autor en la solapa de la cubierta | ||
| 590 | _aInventariado, 2021/BT | ||
| 650 | 7 |
_aCuentos dominicanos _2LEMB |
|
| 650 | 7 |
_aLiteratura dominicana _2LEMB |
|
| 910 | _aBtavárez/Validado, 2026/MFF | ||
| 942 |
_2ddc _cLBS1 |
||
| 999 |
_c43694 _d43694 |
||